| 000 | 01078nab a22002417a 4500 | ||
|---|---|---|---|
| 999 |
_c6032 _d6032 |
||
| 003 | OSt | ||
| 005 | 20260116204355.0 | ||
| 008 | 190605e xxu||||| |||| 00| 0 spa d | ||
| 040 | _cPJ | ||
| 100 |
_aElmelaj, María Laura _94886 |
||
| 245 | 1 | 0 |
_aDecreto 342/2025 : _b¿autonomía sindical o "motosierra"? / _cMaría Laura Elmelaj. |
| 260 |
_aCiudad Autónoma de Buenos Aires : _bThomson Reuters La Ley, _c2025. |
||
| 300 | _ap. 40-48 | ||
| 500 | _aCita Online: Cita: TR LALEY AR/DOC/1793/2025. | ||
| 505 | _aSumario: I. Introducción.— II. Los dispositivos antes de la reforma.— III. La reforma.— IV. Reflexiones.— V. Bibliografía. | ||
| 505 | _t¿Te interesa el texto completo? Solicitalo al correo: koha@justierradelfuego.gov.ar | ||
| 650 | 0 |
_94583 _aDERECHOS SINDICALES |
|
| 650 | 0 |
_91367 _aASOCIACIONES SINDICALES |
|
| 650 | 0 |
_91461 _aLIBERTAD SINDICAL |
|
| 650 | 0 |
_91285 _aELECCIONES |
|
| 773 | 0 |
_02711 _93168 _dCiudad Autónoma de Buenos Aires : Thomson Reuters La Ley, 1999-2002. _tRevista de derecho del trabajo. Nº 5 - Septiembre 2025 |
|
| 942 |
_2udc _cANA |
||